[Event "Paul Keres Memorial Festival 2014"]
[Site "Tallinn"]
[Date "2014.01.16"]
[Round "9.7"]
[White "Lintchevski, Daniil"]
[Black "Shalamberidze, Akaki"]
[Result "1-0"]
[WhiteElo "2541"]
[BlackElo "2372"]
[PlyCount "145"]
[EventDate "2014.??.??"]
[SourceDate "2014.01.16"]

1. Nf3 Nf6 2. c4 e6 3. g3 d5 4. Bg2 Be7 5. d4 O-O 6. O-O b6 7. cxd5 exd5 8. Nc3
Bb7 9. Ne5 Na6 10. Bf4 c5 11. Rc1 Re8 12. dxc5 Nxc5 13. Nd3 Qd7 14. Ne5 Qd8 15.
Nb5 Ne6 16. Nd3 Nxf4 17. Nxf4 Bc5 18. Nc3 Rc8 19. Qd3 Qe7 20. Nfxd5 Bxd5 21.
Bxd5 Rcd8 22. e4 h5 23. Qf3 Rd6 24. h3 h4 25. Kg2 Nxd5 26. exd5 Rf6 27. Qd3 Qe5
28. Rc2 Qf5 29. Qxf5 Rxf5 30. Rd1 Kf8 31. g4 Rf4 32. Nb5 Re7 33. a3 a5 34. Rd3
Rd7 35. Re2 Re7 36. Red2 Rd7 37. Nc3 Rd6 38. Re2 Bd4 39. Ne4 Rxd5 40. f3 g6 41.
Red2 f5 42. gxf5 gxf5 43. Rxd4 Rxd4 44. Rxd4 fxe4 45. Rxe4 Rf5 46. Rxh4 Rd5 47.
Kg3 Rd3 48. Re4 Rb3 49. Re2 b5 50. Kg4 a4 51. f4 b4 52. axb4 Rxb4 53. Kg5 Kf7
54. Rc2 Rb3 55. h4 Rg3+ 56. Kf5 a3 57. bxa3 Rxa3 58. Rc7+ Kg8 59. h5 Ra5+ 60.
Kg6 Ra8 61. Kg5 Ra1 62. f5 Rg1+ 63. Kf6 Ra1 64. Re7 Rb1 65. Re6 Kh7 66. Kf7
Rb7+ 67. Re7 Rb8 68. f6 Ra8 69. Rb7 Kh6 70. Ke7 Ra1 71. f7 Re1+ 72. Kf8 Kh7 73.
Re7 1-0

[Event "Paul Keres Memorial Festival 2014"]
[Site "?"]
[Date "2014.01.16"]
[Round "9.8"]
[White "Vovk, Ilja"]
[Black "Kveinys, Aloyzas"]
[Result "0-1"]
[WhiteElo "2299"]
[BlackElo "2540"]
[PlyCount "100"]
[EventDate "2014.01.13"]
[SourceDate "2014.01.16"]

1. e4 c5 2. Nf3 e6 3. g3 Nc6 4. Bg2 Nf6 5. d3 d6 6. O-O g6 7. Re1 e5 8. c3 Bg7
9. a3 O-O 10. b4 h6 11. Bb2 a6 12. Nbd2 b5 13. Nb3 Qe7 14. d4 c4 15. d5 cxb3
16. dxc6 Be6 17. Nd2 Rac8 18. Nxb3 Rxc6 19. a4 Rb8 20. axb5 axb5 21. Na5 Rcc8
22. Qd3 Qc7 23. Rac1 Nd7 24. Red1 Bf8 25. Qf1 Nb6 26. Bh3 Bxh3 27. Qxh3 Nc4 28.
Nxc4 Qxc4 29. Qg4 Ra8 30. Ra1 Rxa1 31. Rxa1 d5 32. Ra7 Rd8 33. Qh4 g5 34. Qh5
dxe4 35. Bc1 Qd5 36. Be3 Qd1+ 37. Qxd1 Rxd1+ 38. Kg2 f5 39. Bc5 Bg7 40. Rb7 f4
41. gxf4 exf4 42. Re7 Re1 43. Kh3 Bf6 44. Rd7 h5 45. Bd4 g4+ 46. Kg2 h4 47. h3
f3+ 48. Kh2 g3+ 49. fxg3 Re2+ 50. Kg1 Bxd4+ 0-1

[Event "Paul Keres Memorial Festival 2014"]
[Site "?"]
[Date "2014.01.16"]
[Round "9.9"]
[White "Beinoras, Mindaugas"]
[Black "Mertanen, Janne"]
[Result "1-0"]
[WhiteElo "2404"]
[BlackElo "2334"]
[PlyCount "125"]
[EventDate "2014.01.13"]
[SourceDate "2014.01.16"]

1. Nf3 c5 2. c4 Nc6 3. d4 cxd4 4. Nxd4 Nf6 5. Nc3 e6 6. a3 Bc5 7. Nb3 Be7 8. e4
d6 9. Be2 b6 10. O-O Bb7 11. f4 a6 12. Be3 Qc7 13. Rc1 Nb8 14. f5 e5 15. Nd5
Nxd5 16. cxd5 Qd8 17. a4 Nd7 18. Qd2 Rb8 19. Rb1 O-O 20. Bd3 h6 21. Qe2 a5 22.
Bb5 Nc5 23. Bxc5 bxc5 24. Nd2 Bc8 25. Nc4 Kh7 26. Qe1 Ra8 27. Rf3 Bg5 28. Qe2
Ra7 29. Rbf1 Rg8 30. g3 Rf8 31. h4 Bf6 32. R1f2 Rg8 33. Qf1 Kh8 34. Rh2 Kh7 35.
Kh1 Kh8 36. Qf2 Rf8 37. Qd2 Kh7 38. Ne3 Bd7 39. Nc4 Bc8 40. Kg1 Rg8 41. Qf2 Rf8
42. Qc2 Rg8 43. Ne3 Bd7 44. Bxd7 Rxd7 45. Nc4 Rb7 46. Rb3 Rb4 47. Rxb4 axb4 48.
b3 g6 49. fxg6+ fxg6 50. Rf2 h5 51. Qe2 Rf8 52. Qf1 Kg7 53. Qh3 Re8 54. Rg2 Kf7
55. Kf2 Qe7 56. Ke2 Rh8 57. Rf2 Re8 58. Kd3 Kg7 59. Rg2 Kf7 60. Ra2 Kg7 61. a5
Ra8 62. a6 Ra7 63. Qc8 1-0

[Event "Paul Keres Memorial Festival 2014"]
[Site "?"]
[Date "2014.01.16"]
[Round "9.10"]
[White "Koykka, Pekka"]
[Black "Chatalbashev, Boris"]
[Result "0-1"]
[WhiteElo "2294"]
[BlackElo "2533"]
[PlyCount "66"]
[EventDate "2014.01.13"]
[SourceDate "2014.01.16"]

1. Nf3 Nf6 2. g3 d5 3. Bg2 c6 4. O-O Bf5 5. d3 h6 6. Nbd2 e6 7. c4 Be7 8. cxd5
exd5 9. Nb3 O-O 10. Be3 Nbd7 11. Rc1 Re8 12. Qd2 a5 13. Nbd4 Bh7 14. Bh3 Bf8
15. Nf5 c5 16. Qd1 d4 17. Bf4 Nd5 18. e4 dxe3 19. fxe3 Nxf4 20. exf4 Ra6 21.
Qd2 Nf6 22. Rfe1 Qd5 23. Rxe8 Nxe8 24. Ne5 Bxf5 25. Bxf5 f6 26. Bg6 fxe5 27.
Bxe8 c4 28. Rxc4 Bc5+ 29. Kf1 Re6 30. Bd7 Re7 31. Bf5 Qh1+ 32. Ke2 exf4+ 33.
Be4 f3# 0-1

[Event "Paul Keres Memorial Festival 2014"]
[Site "?"]
[Date "2014.01.16"]
[Round "9.11"]
[White "Meijers, Viesturs"]
[Black "Bernotas, Arturs"]
[Result "1/2-1/2"]
[WhiteElo "2464"]
[BlackElo "2267"]
[PlyCount "115"]
[EventDate "2014.01.13"]
[SourceDate "2014.01.16"]

1. c4 Nf6 2. Nf3 e6 3. b3 b6 4. g3 Bb7 5. Bg2 c5 6. Bb2 Be7 7. O-O O-O 8. d4
cxd4 9. Qxd4 d5 10. Ne5 Qc8 11. cxd5 Bxd5 12. Bxd5 exd5 13. Nd2 Nc6 14. Nxc6
Qxc6 15. Qd3 Rfc8 16. Rac1 Qe6 17. Nf3 Qe4 18. Qa6 Rc2 19. Qb7 Rf8 20. Ng5 Qxe2
21. Rxc2 Qxc2 22. Qxe7 Qxb2 23. Qxa7 h6 24. Nf3 Rc8 25. Qxb6 Qxa2 26. Qb7 Qa8
27. Qxa8 Rxa8 28. Nd4 Ra2 29. Rc1 Rd2 30. Nf5 Ng4 31. Rf1 g6 32. h3 gxf5 33.
hxg4 fxg4 34. Rb1 Kf8 35. b4 Ke7 36. b5 Rc2 37. Kf1 Rc7 38. Ke2 Kd6 39. Kd3 Re7
40. Rc1 Rb7 41. Rc6+ Ke5 42. b6 h5 43. Kc3 f5 44. Kb4 Ke4 45. Rf6 Ke5 46. Rh6
Ke4 47. Kc5 Kf3 48. Rxh5 Kxf2 49. Rxf5+ Kxg3 50. Kc6 Rb8 51. Kc7 Rg8 52. Rxd5
Kf3 53. b7 g3 54. Rd3+ Kf2 55. b8=Q Rxb8 56. Kxb8 g2 57. Rd2+ Kf1 58. Rxg2
1/2-1/2

[Event "Paul Keres Memorial Festival 2014"]
[Site "?"]
[Date "2014.01.16"]
[Round "9.12"]
[White "Okhotnik, Vladimir"]
[Black "Tokranovs, Dmitrijs"]
[Result "0-1"]
[WhiteElo "2386"]
[BlackElo "2238"]
[Annotator ",Maleliit"]
[PlyCount "101"]
[EventDate "2014.01.13"]
[SourceDate "2014.01.16"]

1. e4 d5 2. exd5 Qxd5 3. Nc3 Qd6 4. d4 Nf6 5. Be2 Nc6 6. Nb5 Qd8 7. Nf3 e6 8.
c4 Bb4+ 9. Bd2 Bxd2+ 10. Qxd2 O-O 11. O-O Ne7 12. Rad1 b6 13. Ne5 Bb7 14. Bf3
Bxf3 15. Nxf3 c6 16. Nc3 Qc7 17. Qe2 Rad8 18. Rd2 Rd6 19. Rfd1 Rfd8 20. h3 Nf5
21. b4 h5 22. Ne4 Nxe4 23. Qxe4 b5 24. g4 hxg4 25. hxg4 Ne7 26. cxb5 cxb5 27.
Rc2 Qb6 28. Rc5 Nd5 29. a3 a5 30. g5 axb4 31. axb4 Ne7 32. Ne5 Rd5 33. g6 fxg6
34. Nxg6 Nxg6 35. Qxg6 Qd6 36. Re1 Rxd4 37. Rxe6 Qd7 38. Rxb5 Rf8 39. Re1 Rd1
40. Rbe5 Qd2 41. Rxd1 Qxd1+ 42. Kg2 Qf3+ 43. Kh2 Qxf2+ 44. Qg2 Qxg2+ 45. Kxg2
Rf4 46. Kg3 Rxb4 47. Kf3 Kh7 48. Ke3 g6 49. Kd3 Kh6 50. Ke3 Rc4 51. Kd3 {...}
0-1

[Event "Paul Keres Memorial Festival 2014"]
[Site "?"]
[Date "2014.01.16"]
[Round "9.13"]
[White "Garber, Vjatseslav"]
[Black "Gorbatov, Alexej"]
[Result "0-1"]
[WhiteElo "2147"]
[BlackElo "2359"]
[PlyCount "80"]
[EventDate "2014.01.13"]
[SourceDate "2014.01.16"]

1. d4 e6 2. c4 b6 3. Nc3 Bb7 4. Nf3 Nf6 5. a3 Be7 6. e3 d5 7. cxd5 exd5 8. Bb5+
c6 9. Bd3 O-O 10. O-O c5 11. Ne5 a6 12. b3 Bd6 13. Nf3 Nbd7 14. Qe2 b5 15. dxc5
Nxc5 16. b4 Ne6 17. Bb2 Re8 18. Rfd1 Qe7 19. Qf1 d4 20. Nxd4 Nxd4 21. exd4
Bxh2+ 22. Kxh2 Ng4+ 23. Kg3 Qg5 24. f4 Re3+ 25. Qf3 Bxf3 26. fxg5 Bxd1+ 27. Kf4
Rxd3 28. Rxd1 Nf2 29. Rf1 Rd2 30. Ba1 Re8 31. Nd5 Nd3+ 32. Kg3 Ree2 33. Rg1 Ne1
34. Bc3 Rd3+ 35. Kg4 Rxg2+ 36. Rxg2 Nxg2 37. Kf5 Ne3+ 38. Ke4 Nxd5 39. Kxd3
Nxc3 40. Kxc3 Kf8 0-1

[Event "Paul Keres Memorial Festival 2014"]
[Site "?"]
[Date "2014.01.16"]
[Round "9.14"]
[White "Krupenski, Juri"]
[Black "Tsoganova, Monika"]
[Result "1/2-1/2"]
[WhiteElo "2300"]
[BlackElo "2102"]
[PlyCount "48"]
[EventDate "2014.01.13"]
[SourceDate "2014.01.16"]

1. d4 d5 2. c4 e5 3. dxe5 d4 4. Nf3 Nc6 5. a3 Bg4 6. Qd3 Qd7 7. Bg5 h6 8. Bh4
g5 9. Bg3 O-O-O 10. Nbd2 Bg7 11. h3 Bf5 12. Qb3 Nge7 13. O-O-O Ng6 14. Qa4 Kb8
15. Nb3 Ngxe5 16. Nc5 Qe7 17. Nxe5 Bxe5 18. Bxe5 Qxe5 19. Qb5 b6 20. Qxc6 bxc5
21. Qb5+ Kc8 22. Qa6+ Kb8 23. Qb5+ Kc8 24. Qa6+ Kb8 1/2-1/2

[Event "Paul Keres Memorial Festival 2014"]
[Site "?"]
[Date "2014.01.16"]
[Round "9.15"]
[White "Koop, Vyacheslav"]
[Black "Juknis, Paulius"]
[Result "1-0"]
[WhiteElo "2199"]
[BlackElo "2162"]
[PlyCount "87"]
[EventDate "2014.01.13"]
[SourceDate "2014.01.16"]

1. e4 c5 2. Nf3 g6 3. d4 cxd4 4. Nxd4 Nc6 5. Nc3 Bg7 6. Be3 Nf6 7. Bc4 Qa5 8.
O-O O-O 9. Bb3 d6 10. h3 Bd7 11. f4 Nxd4 12. Bxd4 Bc6 13. Nd5 Bxd5 14. exd5 Nd7
15. Bxg7 Kxg7 16. Qd4+ Kg8 17. Rae1 Rfe8 18. Re3 Qc5 19. Qd2 a5 20. a3 a4 21.
Ba2 Rac8 22. c3 Nf6 23. Kh2 Rc7 24. Rfe1 Kf8 25. g4 Nd7 26. Re4 b5 27. Rb4 Nb6
28. Ree4 Rb7 29. h4 Nd7 30. g5 Qc8 31. Qd4 f6 32. Re6 Qc5 33. Qd2 Kf7 34. Re1
Nf8 35. Rbe4 f5 36. R4e2 Nd7 37. h5 Nb6 38. Kg3 Rbb8 39. Rh2 Kg7 40. Reh1 Rh8
41. Qe2 e5 42. dxe6 Nd5 43. h6+ Kf8 44. e7+ 1-0

[Event "Paul Keres Memorial Festival 2014"]
[Site "?"]
[Date "2014.01.16"]
[Round "9.16"]
[White "Vepkhishvili, Varlam"]
[Black "Dragun, Valentin"]
[Result "1-0"]
[WhiteElo "2185"]
[BlackElo "2002"]
[PlyCount "117"]
[EventDate "2014.01.13"]
[SourceDate "2014.01.16"]

1. d4 Nf6 2. c3 g6 3. Bf4 Bg7 4. Nf3 O-O 5. e3 d6 6. Be2 Nbd7 7. O-O Qe8 8. h3
e5 9. Bh2 Qe7 10. Nbd2 Re8 11. a4 e4 12. Ne1 Nf8 13. b4 h5 14. Qb3 Bf5 15. a5
a6 16. Rc1 Ne6 17. b5 axb5 18. Qxb5 h4 19. Kh1 c6 20. Qb4 Red8 21. Nc4 Bf8 22.
Nb6 Nd5 23. Nxd5 cxd5 24. Nc2 Qc7 25. Ra1 Rdc8 26. Ra3 Nd8 27. Rfa1 Be7 28. Qb5
Bd7 29. Qxd5 Be6 30. Qb5 Qc6 31. Qxc6 Nxc6 32. c4 Nb8 33. Ra4 Na6 34. Rb1 Ra7
35. Na3 Bd7 36. Nb5 Bxb5 37. cxb5 Nb8 38. Bc4 b6 39. a6 Nd7 40. Bd5 Nf6 41. Bc6
g5 42. d5 Kg7 43. f3 exf3 44. gxf3 Nh5 45. Kg2 f5 46. e4 Ng3 47. Bxg3 hxg3 48.
exf5 Bf6 49. Kxg3 Be5+ 50. Kg2 Kf6 51. h4 gxh4 52. Rxh4 Rg8+ 53. Rg4 Rxg4+ 54.
fxg4 Kg5 55. Kf3 Rh7 56. Ke4 Bf4 57. Bb7 Re7+ 58. Kd4 Be5+ 59. Kd3 1-0